000 00306nam a22001337a 4500
008 181019b xxu||||| |||| 00| 0 eng d
020 _a03142333076
041 _aeng
080 _a14
100 _a341
101 _aJUR
245 _aCases And Materials Criminal Law
_cDressler.J
942 _2udc
_cBK
999 _c50211
_d50211